00539nam a2200193Ia 450000500170000000800410001702000240005804000190008204100120010108200130011310000160012624500560014226000340019830000180023250400400025065000220029065100230031285000100033520230622113342.0131103s9999 xx 000 0 und d a571115608c5.95 pds aLoreto College aEnglish a942bPIP aPiper,David aKings & Queens of England and ScotlandcDavid Piper aLondonbFaber and Faberc1980 a120 p.b ill. aIncludes bibliographical references aEngland - History aScotland - History aLCLIB